| 000 | 00678cam a22002411 4500 | ||
|---|---|---|---|
| 001 | sa 66007093 | ||
| 003 | DLC | ||
| 005 | 20260227112301.0 | ||
| 008 | 861222s1963 ii 000 0 eng | ||
| 010 | _asa 66007093 | ||
| 025 | _aPL480:I-E-5585 | ||
| 035 | _a(OCoLC)14998568 | ||
| 040 |
_aDLC _cWaU _dDLC |
||
| 042 | _apremarc | ||
| 050 | 0 | 0 |
_aDS480.84 _b.C52 |
| 100 | 1 |
_aChander, Satish, _eed. |
|
| 245 | 1 | 0 | _aFifteen years of Indian independence, 1947-62. |
| 250 | _a[1st ed.] | ||
| 260 |
_aDelhi, _b"Cultural Meet" Publications _c[1963] |
||
| 300 |
_a126 p. _c23 cm. |
||
| 651 | 0 |
_aIndia _xPolitics and government _y1947- |
|
| 651 | 0 |
_aIndia _xEconomic conditions _y1945- |
|
| 999 |
_c70921 _d70921 |
||